Different Car Brands - Statistics

General Stats
  • This quiz has been taken 48 times
    37 since last reset
  • The average score is 46 of 65
Answer Stats
Models Brands % Correct
M3, i3, Isetta BMW
100%
R8, Quattro, Q8 Audi
96%
Taurus, Mustang, Flex Ford
96%
Accord, Insight, Odyssey Honda
96%
Cherokee, Wrangler, Compass Jeep
96%
RX7, Mazda3, Millenia Mazda
96%
GT-R, Leaf, Altima Nissan
96%
911, Macan, Boxster Porsche
96%
Corolla, Tacoma, Prius Toyota
96%
Beetle, Golf, Type 2 Volkswagen
96%
Challenger, Viper, Aries Dodge
92%
Optima, Sorento, Sportage Kia
92%
Diablo, Huracan, Urus Lamborghini
92%
Veyron, Chiron, EB110 GT Bugatti
88%
Impala, Malibu, Traverse Chevrolet
88%
LaFerrari, Enzo, Testarossa Ferrari
88%
Range Rover, Discovery, Defender Land Rover
88%
C-Class, G-Class, Sprinter Mercedes
88%
Cooper, Countryman, Clubman Mini
88%
Model S, Model 3, Roadster Tesla
88%
Elantra, Veloster, Tiburon Hyundai
85%
Continental, Town Car, Navigator Lincoln
85%
Impreza, Forester, BRZ Subaru
85%
Giulia, Brera, 8C Competizione Alfa Romeo
81%
Mulsanne, Bentayga, Continental Bentley
81%
F-Type, I-Pace, E-Type Jaguar
81%
Galant, Pajero, Outlander Mitsubishi
81%
Firebird, Grand Am, Pontiac
81%
Vantage, DB6, Cygnet Aston Martin
77%
720S, P1, Senna McLaren
77%
Escalade, DeVille, SRX Cadillac
73%
300, Pacifica, Crossfire Chrysler
73%
QX80, Q50, I30 Infiniti
73%
LFA, LS, LX 570 Lexus
73%
Zonda, Huayra Pagani
73%
Clio, Espace, Twingo Renault
73%
Phantom, Wraith, Dawn Rolls-Royce
73%
XC90, S80, 850 Volvo
73%
ILX, NSX, Integra Acura
69%
Agera, Regera, One:1 Koenigsegg
69%
ProMaster, Ram 1500 Ram
69%
C3, C4 Cactus, Berlingo Citroen
65%
500, Freemont Fiat
65%
Elise, Exige, Evora Lotus
65%
Karl, Insignia, Cascada Opel
65%
Regal, Encore, LaCrosse Buick
62%
Canyon, Savana, Yukon XL GMC
62%
Swift, Gypsy, Grand Vitara Suzuki
62%
Quattroporte, Biturbo, Ghibli Maserati
58%
Grand Marquis, Cougar, Mountaineer Mercury
58%
Fury, Prowler, Acclaim Plymouth
58%
900, 9-5, 9-3 Saab
58%
Javelin, Pacer, Gremlin AMC
54%
RCZ, 207, 204 Peugeot
54%
240Z, 720, Go Datsun
50%
Cutlass, 442, Alero Oldsmobile
50%
ION, Astra, RELAY, Sky Saturn
46%
Pantera, Guara, Deauville De Tomaso
38%
Borue, Boyui, Yuanjing Geely
38%
Talon, Premier, Summit Eagle
35%
Indica, Sumo, Bolt Tata
35%
Tracker, Storm, Prizm Geo
23%
Metropolitan, Rambler Nash
23%
Avanti, Lark, Wagonaire Studebaker
23%
EP9, ES8, ES6 NIO
12%
No matching quizzes found
Score Distribution
Percent of People with Each Score
Percentile by Number Answered
Your Score History
You have not taken this quiz since the last reset